| 000 | 00621nam a22001937a 4500 | ||
|---|---|---|---|
| 005 | 20251108172943.0 | ||
| 008 | 250721s1956 xx 000 0 ara d | ||
| 082 | 1 | 4 | _a812/محم |
| 100 | 1 | _aنجم، محمد يوسف | |
| 245 | 1 | 0 | _aالمسرحية في الأدب العربي الحديث 1847-1914 / |
| 264 | 1 |
_aبيروت : _bدار بيروت للنشر، _c1956. |
|
| 300 | _a510ص | ||
| 490 | 0 |
_aدراسات في الأدب العربي الحديث _v2 |
|
| 650 | 1 | 7 | _aالمسرحيات |
| 650 | 1 | 7 | _aالنقد الأدبي |
| 650 | 1 | 7 | _aالأدب العربي |
| 942 |
_2ddc _cBK |
||
| 999 |
_c92671 _d92671 |
||